| 000 | 00435nam a22001337a 4500 | ||
|---|---|---|---|
| 008 | 150327b xxu||||| |||| 00| 0 eng d | ||
| 020 | _a2847330240 | ||
| 082 |
_a841 _bB 233p |
||
| 100 |
_aBarbe, Norbert-Bertrand _9343 |
||
| 245 |
_a(Un poco mas) de 20 poemas de odio y una cancion desesperada _cBarbe, Norbert-Bertrand |
||
| 300 |
_a150 _bill. _c20.5 cm |
||
| 650 |
_xLiteratura _xPoesia _zFrancia _92296 |
||
| 700 |
_aBarbe Norbert-Bertrand _9343 |
||
| 999 |
_c483 _d483 |
||